000 00319nam a2200133Ia 4500
008 170620s9999 xx 000 0 und d
020 _a9.78933E+12
100 _aTORTORA-GERARD J
245 0 _aMICROBIOLOGY AN INTRODUCTION
260 _bPEARSON
260 _c2016
300 _a975
546 _aEnglish
690 _aMICROBIOLOGY AN INTRODUCTION
999 _c31407
_d31407